A címleírás alapjai

Elmentve itt :
Bibliográfiai részletek
Szerző: Horváth Magda
Dokumentumtípus: Könyv
Megjelent: OSZK KMK Budapest 1961
Sorozat:Új könyvtári füzetek
Új könyvtári füzetek
Kulcsszavak:Címleírás - könyvtári
Tárgyszavak:
Online Access:http://misc.bibl.u-szeged.hu/74845
LEADER 00732nam a2200217 i 4500
001 misc74845
005 20240829091129.0
008 240828s1961 hu o 000 hun d
040 |a SZTE Miscellanea Repozitórium  |b hun 
041 |a hun 
100 1 |a Horváth Magda 
245 1 2 |a A címleírás alapjai  |h [elektronikus dokumentum] /  |c  Horváth Magda 
260 |a OSZK KMK  |b Budapest  |c 1961 
300 |a 303  |c 22 cm 
490 0 |a Új könyvtári füzetek 
490 0 |a Új könyvtári füzetek 
650 4 |a Társadalomtudományok 
650 4 |a Média és kommunikáció 
650 4 |a Könyvtártudomány 
695 |a Címleírás - könyvtári 
856 4 0 |u http://misc.bibl.u-szeged.hu/74845/1/uj_konyvtari_fuzetek_002.pdf  |z Dokumentum-elérés